000
00259nam a22000977a 4500
008
240831b |||||||| |||| 00| 0 eng d
020
_a
9788129118929
100
_a
Bond Ruskin
245
_a
Ruskin Bond Great Stories for Children
260
_a
New Delhi
_b
Rupa
_c
2011
999
_c
12626
_d
12626